[Event "Titled Tuesday intern op 14th Nov Early"]
[Site "Chess.com INT"]
[Date "2023.11.14"]
[Round "6"]
[White "Lehtosaari, Mauri"]
[Black "Politov, Pavel Y"]
[Result "1-0"]
[WhiteElo "2148"]
[BlackElo "2190"]
[PlyCount "131"]
[EventDate "2023.11.14"]
[EventType "swiss (blitz)"]
[EventRounds "11"]
[EventCountry "USA"]
[SourceTitle "CB47_2023"]
[SourceDate "2023.11.22"]
[SourceVersion "1"]
[SourceVersionDate "2023.11.22"]
[SourceQuality "1"]

1. d4 d5 2. Nf3 Nf6 3. Bg5 Ne4 4. Bf4 c5 5. e3 Nc6 6. c3 Qb6 7. Qb3 c4 8. Qxb6 axb6 9. Nfd2 Nxd2 10. Nxd2 b5 11. e4 e6 12. Be2 b4 13. Bf3 bxc3 14. bxc3 Ra5 15. a4 Kd8 16. 0-0 Be7 17. Rfb1 g5 18. Bg3 h5 19. h3 h4 20. Bh2 Bf6 21. Rb5 Rxb5 22. axb5 Nxd4 23. cxd4 Bxd4 24. Rd1 c3 25. Nb3 e5 26. Nxd4 exd4 27. Rxd4 c2 28. Rxd5+ Bd7 29. Rc5 Bxb5 30. Rxc2 Bc6 31. Be5 Rh6 32. Bd4 Ke7 33. e5 Bxf3 34. gxf3 Rc6 35. Rb2 Rc1+ 36. Kg2 Rc7 37. Be3 Ke6 38. Bxg5 Kxe5 39. Bxh4 f5 40. Bg3+ f4 41. Rb5+ Kd4 42. Bxf4 Rg7+ 43. Bg3 Kc4 44. Rb6 Kc5 45. Rb1 Kc4 46. f4 b5 47. f5 b4 48. Kf3 Rf7 49. Ke4 b3 50. Be5 Re7 51. f6 Rf7 52. Kf5 Kb4 53. f4 Ka3 54. Kg6 Ka2 55. Rb2+ Ka3 56. Kxf7 Ka4 57. Rxb3 Kxb3 58. Ke6 Kc4 59. f7 Kc5 60. f8Q+ Kc4 61. Qd6 Kb3 62. Qd4 Kc2 63. Qe3 Kb1 64. Qf2 Kc1 65. Bc3 Kd1 66. Qd2# 1-0

[Event "Titled Tuesday intern op 14th Nov Early"]
[Site "Chess.com INT"]
[Date "2023.11.14"]
[Round "7"]
[White "Politov, Pavel Y"]
[Black "Dmitrenko, Viktor"]
[Result "0-1"]
[WhiteElo "2190"]
[BlackElo "2395"]
[PlyCount "110"]
[EventDate "2023.11.14"]
[EventType "swiss (blitz)"]
[EventRounds "11"]
[EventCountry "USA"]
[SourceTitle "CB47_2023"]
[SourceDate "2023.11.22"]
[SourceVersion "1"]
[SourceVersionDate "2023.11.22"]
[SourceQuality "1"]

1. d4 d5 2. c4 e6 3. Nc3 a6 4. e3 Nf6 5. Nf3 dxc4 6. Bxc4 c5 7. 0-0 b5 8. Be2 Bb7 9. dxc5 Bxc5 10. Qxd8+ Kxd8 11. Ne5 Ke7 12. Bf3 Bxf3 13. Nxf3 Nc6 14. b3 Rhd8 15. Bb2 Rd7 16. Rac1 Bd6 17. Nxb5 axb5 18. Rxc6 Rxa2 19. Bxf6+ Kxf6 20. Nd4 b4 21. g3 Be5 22. Nc2 Bc3 23. Rc1 Rd2 24. Ne1 Rxf2 25. R1xc3 bxc3 26. Rxc3 Rfe2 27. Rc1 Rxe3 28. Rb1 Ree2 29. b4 Reb2 30. Rxb2 Rxb2 31. Nd3 Rb3 32. Nc5 Rxb4 33. Nd7+ Kf5 34. Nc5 h5 35. Nd3 Rd4 36. Nf2 g5 37. Kg2 e5 38. Kf3 Rd2 39. Ke3 Rxf2 40. Kxf2 Kg4 41. Ke3 Kh3 42. Ke4 Kxh2 43. Kxe5 Kxg3 44. Kf5 h4 45. Kxg5 h3 46. Kf6 h2 47. Kxf7 h1Q 48. Kf6 Qd5 49. Kg6 Qe5 50. Kf7 Qd6 51. Kg8 Qe7 52. Kh8 Kg4 53. Kg8 Kg5 54. Kh8 Kg6 55. Kg8 Qg7# 0-1

[Event "Titled Tuesday intern op 14th Nov Early"]
[Site "Chess.com INT"]
[Date "2023.11.14"]
[Round "5"]
[White "Politov, Pavel Y"]
[Black "Jovic, Stanoje"]
[Result "0-1"]
[WhiteElo "2190"]
[BlackElo "2097"]
[PlyCount "104"]
[EventDate "2023.11.14"]
[EventType "swiss (blitz)"]
[EventRounds "11"]
[EventCountry "USA"]
[SourceTitle "CB47_2023"]
[SourceDate "2023.11.22"]
[SourceVersion "1"]
[SourceVersionDate "2023.11.22"]
[SourceQuality "1"]

1. d4 Nf6 2. c4 e6 3. Nc3 Bb4 4. f3 c5 5. d5 0-0 6. e4 exd5 7. cxd5 d6 8. Nge2 Nbd7 9. Ng3 Re8 10. Be2 a6 11. a4 c4 12. 0-0 Ne5 13. Bg5 Qb6+ 14. Kh1 Qc7 15. Bxf6 gxf6 16. Nh5 Nd7 17. Qd4 Re5 18. f4 Re8 19. Nxf6+ Nxf6 20. Qxf6 Qe7 21. Qxe7 Rxe7 22. Bf3 Bd7 23. Rfe1 Rc8 24. e5 Bf5 25. g4 Bd3 26. exd6 Bxd6 27. Rxe7 Bxe7 28. Kg2 Bd6 29. Kg3 Re8 30. Ne4 Rxe4 31. Bxe4 Bxe4 32. Re1 Bd3 33. Re8+ Kg7 34. Rd8 Bc5 35. d6 Kf6 36. d7 Ke7 37. Rb8 Kxd7 38. Rxb7+ Ke6 39. Rc7 Bd4 40. Rc6+ Kd5 41. Rxa6 Bxb2 42. Ra7 c3 43. Rxf7 c2 44. Rc7 Bc4 45. Rd7+ Kc6 46. Rd8 c1Q 47. Rc8+ Kd7 48. Rxc4 Qxc4 49. f5 Be5+ 50. Kh4 Qf4 51. h3 Bf6+ 52. Kh5 Qg5# 0-1

[Event "Titled Tuesday intern op 15th Aug Early"]
[Site "Chess.com INT"]
[Date "2023.08.15"]
[Round "3"]
[White "Garcia Correa, Jose Ricardo"]
[Black "Politov, Pavel Y"]
[Result "1-0"]
[WhiteElo "2103"]
[BlackElo "2190"]
[PlyCount "69"]
[EventDate "2023.08.15"]
[EventType "swiss (blitz)"]
[EventRounds "11"]
[EventCountry "USA"]
[SourceTitle "EXT 2024"]
[Source "ChessBase"]
[SourceDate "2023.10.10"]
[SourceVersion "1"]
[SourceVersionDate "2023.10.10"]
[SourceQuality "1"]

1. e3 d5 2. c4 dxc4 3. Bxc4 Nf6 4. Nf3 e6 5. 0-0 c5 6. d4 a6 7. a3 b5 8. Ba2 Bb7 9. Nc3 Nbd7 10. Qe2 Be7 11. e4 cxd4 12. Nxd4 Nc5 13. Rd1 Qb6 14. e5 Nfd7 15. b4 Na4 16. Nxa4 bxa4 17. Be3 Qc7 18. f4 0-0 19. Bxe6 fxe6 20. Nxe6 Qc6 21. Nxf8 Rxf8 22. Rac1 Qe6 23. Rc7 Bd5 24. Qd2 Nb6 25. Rxe7 Qxe7 26. Bxb6 Bb3 27. Bc5 Qe6 28. Bxf8 Bxd1 29. Qxd1 Kxf8 30. Qd8+ Kf7 31. Qd3 Qa2 32. h3 Qa1+ 33. Kh2 Qc1 34. Qf5+ Ke8 35. e6 1-0

[Event "Titled Tuesday intern op 15th Aug Early"]
[Site "Chess.com INT"]
[Date "2023.08.15"]
[Round "1"]
[White "Politov, Pavel Y"]
[Black "Garagulya, Konstantin"]
[Result "0-1"]
[WhiteElo "2190"]
[BlackElo "2389"]
[PlyCount "90"]
[EventDate "2023.08.15"]
[EventType "swiss (blitz)"]
[EventRounds "11"]
[EventCountry "USA"]
[SourceTitle "EXT 2024"]
[Source "ChessBase"]
[SourceDate "2023.10.10"]
[SourceVersion "1"]
[SourceVersionDate "2023.10.10"]
[SourceQuality "1"]

1. e4 c5 2. Nf3 a6 3. c4 Nc6 4. d4 cxd4 5. Nxd4 Nf6 6. Nc3 g6 7. f3 Bg7 8. Be3 0-0 9. Be2 d6 10. 0-0 Bd7 11. Rc1 Rc8 12. b3 Re8 13. Qd2 Qa5 14. Rfd1 h5 15. Nxc6 Bxc6 16. Nd5 Qxd2 17. Nxf6+ Bxf6 18. Rxd2 Kg7 19. Bd4 Bxd4+ 20. Rxd4 b5 21. cxb5 Bxb5 22. Bxb5 Rxc1+ 23. Bf1 Rec8 24. Rd2 a5 25. Kf2 R8c2 26. Rxc2 Rxc2+ 27. Be2 Rxa2 28. Ke3 Rb2 29. Bc4 Rxg2 30. h4 e5 31. Bd5 Rh2 32. Kd3 Rxh4 33. Kc4 Rh1 34. Kb5 Ra1 35. Kc6 h4 36. Kxd6 h3 37. Kxe5 h2 38. f4 h1Q 39. Kd6 Qh2 40. e5 Qxf4 41. Bc4 Rd1+ 42. Kc5 Qxe5+ 43. Kb6 Rd6+ 44. Kc7 Qe7+ 45. Kc8 Rd8# 0-1

[Event "Titled Tuesday intern op 15th Aug Early"]
[Site "Chess.com INT"]
[Date "2023.08.15"]
[Round "10"]
[White "Politov, Pavel Y"]
[Black "Grigoryan, Meri"]
[Result "0-1"]
[WhiteElo "2190"]
[BlackElo "1961"]
[PlyCount "72"]
[EventDate "2023.08.15"]
[EventType "swiss (blitz)"]
[EventRounds "11"]
[EventCountry "USA"]
[SourceTitle "EXT 2024"]
[Source "ChessBase"]
[SourceDate "2023.10.10"]
[SourceVersion "1"]
[SourceVersionDate "2023.10.10"]
[SourceQuality "1"]

1. e4 e5 2. Nf3 Nc6 3. Bc4 Bc5 4. d3 Nf6 5. Bg5 0-0 6. 0-0 d6 7. c3 h6 8. Bh4 Bg4 9. Nbd2 Na5 10. Bb5 a6 11. Ba4 b5 12. Bc2 Nc6 13. h3 Bh5 14. Re1 Re8 15. g4 Bg6 16. Nf1 Qd7 17. Bxf6 gxf6 18. Ng3 Kh7 19. Kh2 Rg8 20. Qe2 Rg7 21. Nf5 Bxf5 22. exf5 Rag8 23. Rg1 d5 24. Nd2 Bd6 25. Kh1 Rh8 26. Nf1 h5 27. gxh5 Rxg1+ 28. Kxg1 Qxf5 29. Ne3 Qxh3 30. d4+ e4 31. Qg4 Rg8 32. Qxg8+ Kxg8 33. Ng2 Qh2+ 34. Kf1 Qh1+ 35. Ke2 Qxa1 36. Nh4 Qxb2 0-1

[Event "Titled Tuesday intern op 15th Aug Early"]
[Site "Chess.com INT"]
[Date "2023.08.15"]
[Round "2"]
[White "Politov, Pavel Y"]
[Black "Liu, Zhaoqi"]
[Result "0-1"]
[WhiteElo "2190"]
[BlackElo "2396"]
[PlyCount "62"]
[EventDate "2023.08.15"]
[EventType "swiss (blitz)"]
[EventRounds "11"]
[EventCountry "USA"]
[SourceTitle "EXT 2024"]
[Source "ChessBase"]
[SourceDate "2023.10.10"]
[SourceVersion "1"]
[SourceVersionDate "2023.10.10"]
[SourceQuality "1"]

1. e4 c5 2. Nf3 d6 3. d4 cxd4 4. Nxd4 Nf6 5. Nc3 a6 6. f3 e6 7. Be3 Be7 8. Qd2 Qc7 9. g4 b5 10. g5 Nfd7 11. 0-0-0 Bb7 12. Kb1 Nc6 13. Nxc6 Qxc6 14. h4 Ne5 15. Qf2 b4 16. Ne2 Rc8 17. Nd4 Qc7 18. Bc1 Nc6 19. Nxc6 Qxc6 20. Rh2 a5 21. Qd4 0-0 22. h5 e5 23. Qd3 a4 24. Qb5 Qxb5 25. Bxb5 Bc6 26. Bxc6 Rxc6 27. Rd5 Rc5 28. Rxc5 dxc5 29. Be3 f5 30. gxf6 Rxf6 31. Bg5 Rd6 0-1

[Event "Titled Tuesday intern op 15th Aug Early"]
[Site "Chess.com INT"]
[Date "2023.08.15"]
[Round "5"]
[White "Politov, Pavel Y"]
[Black "Topalov, Aleksandar"]
[Result "0-1"]
[WhiteElo "2190"]
[BlackElo "2233"]
[PlyCount "64"]
[EventDate "2023.08.15"]
[EventType "swiss (blitz)"]
[EventRounds "11"]
[EventCountry "USA"]
[SourceTitle "EXT 2024"]
[Source "ChessBase"]
[SourceDate "2023.10.10"]
[SourceVersion "1"]
[SourceVersionDate "2023.10.10"]
[SourceQuality "1"]

1. e4 e6 2. d4 d5 3. Nc3 Bb4 4. e5 Qd7 5. Qg4 Bf8 6. Bd3 b6 7. h4 h5 8. Qg3 Ba6 9. Bxa6 Nxa6 10. Nf3 Nb4 11. Kd1 c5 12. a3 Nc6 13. Be3 Nge7 14. Ke2 Nf5 15. Qf4 Be7 16. Rad1 cxd4 17. Nxd4 Ncxd4+ 18. Bxd4 Rc8 19. g3 Rc4 20. Rhe1 Bc5 21. Bxc5 Rxf4 22. gxf4 bxc5 23. Rh1 Qb7 24. b3 d4 25. Na4 Qe4+ 26. Kd2 Qxf4+ 27. Kd3 Qf3+ 28. Kc4 Qd5+ 29. Kd3 0-0 30. Nb2 Qxe5 31. Nc4 Qf4 32. Rde1 Nd6 0-1

[Event "Titled Tuesday intern op 04th Jul Early"]
[Site "Chess.com INT"]
[Date "2023.07.04"]
[Round "2"]
[White "Politov, Pavel Y"]
[Black "Omariev, Maksim"]
[Result "0-1"]
[WhiteElo "2190"]
[BlackElo "2304"]
[PlyCount "84"]
[EventDate "2023.07.04"]
[EventType "swiss (blitz)"]
[EventRounds "11"]
[EventCountry "USA"]
[SourceTitle "EXT 2024"]
[Source "ChessBase"]
[SourceDate "2023.10.10"]
[SourceVersion "1"]
[SourceVersionDate "2023.10.10"]
[SourceQuality "1"]

1. e4 c5 2. Nf3 d6 3. d4 cxd4 4. Nxd4 Nf6 5. Nc3 a6 6. f3 e6 7. Be3 b5 8. Qd2 Bb7 9. g4 Nfd7 10. 0-0-0 Nb6 11. g5 N8d7 12. Qf2 Rc8 13. Kb1 Rxc3 14. bxc3 Qc7 15. Nb3 Na4 16. Bd2 Nxc3+ 17. Bxc3 Qxc3 18. Bg2 Qc7 19. f4 Be7 20. Qd4 0-0 21. Rhg1 Rc8 22. Qd2 Nb6 23. Ka1 Na4 24. Rc1 Nc3 25. Rge1 a5 26. Re3 a4 27. Nd4 b4 28. f5 e5 29. Nf3 Qc4 30. Rxc3 bxc3 31. Qd3 Qb4 32. Rb1 Qa3 33. Rxb7 d5 34. Rb1 dxe4 35. Qxe4 f6 36. gxf6 Bxf6 37. Qd5+ Kh8 38. Qb7 Rd8 39. Qb8 Qc5 40. Qb4 Qd5 41. Qxa4 e4 42. Qb3 exf3 0-1

[Event "Titled Tuesday intern op 04th Jul Early"]
[Site "Chess.com INT"]
[Date "2023.07.04"]
[Round "8"]
[White "Vaglio Mattey, Emanuel"]
[Black "Politov, Pavel Y"]
[Result "1-0"]
[WhiteElo "2174"]
[BlackElo "2190"]
[PlyCount "93"]
[EventDate "2023.07.04"]
[EventType "swiss (blitz)"]
[EventRounds "11"]
[EventCountry "USA"]
[SourceTitle "EXT 2024"]
[Source "ChessBase"]
[SourceDate "2023.10.10"]
[SourceVersion "1"]
[SourceVersionDate "2023.10.10"]
[SourceQuality "1"]

1. e4 c5 2. a3 d6 3. b4 cxb4 4. axb4 Nf6 5. d3 g6 6. Bb2 Bg7 7. c4 0-0 8. h3 Nbd7 9. Nf3 Qb6 10. Qd2 e6 11. Be2 d5 12. c5 Qc7 13. e5 Ne8 14. d4 b6 15. 0-0 bxc5 16. bxc5 Bb7 17. Nc3 Bc6 18. Nb5 Qb7 19. Nd6 Nxd6 20. cxd6 Rab8 21. Bc3 Bb5 22. Rfb1 a6 23. Ra5 Qc6 24. Bb4 Rfc8 25. Bd1 Bc4 26. Rba1 Bb5 27. Kh2 Rb7 28. R5a2 Qb6 29. Ba5 Qa7 30. Bc7 Bc4 31. Rb2 Rxb2 32. Qxb2 Rxc7 33. dxc7 Qxc7 34. Rb1 h6 35. Qb7 Qxb7 36. Rxb7 Bb5 37. Be2 Bxe2 38. Rxd7 Bb5 39. Ra7 Bf8 40. Ra8 Kg7 41. h4 Be7 42. Ra7 Bb4 43. Kg3 Bc3 44. Kf4 Ba5 45. Ke3 Bb6 46. Rb7 Ba5 47. g4 1-0

[Event "Titled Tuesday intern op 27th Jun Early"]
[Site "Chess.com INT"]
[Date "2023.06.27"]
[Round "1"]
[White "Goncharov, Vladimir"]
[Black "Politov, Pavel Y"]
[Result "1-0"]
[WhiteElo "2077"]
[BlackElo "2190"]
[PlyCount "39"]
[EventDate "2023.06.27"]
[EventType "swiss (blitz)"]
[EventRounds "11"]
[EventCountry "USA"]
[SourceTitle "EXT 2024"]
[Source "ChessBase"]
[SourceDate "2023.10.10"]
[SourceVersion "1"]
[SourceVersionDate "2023.10.10"]
[SourceQuality "1"]

1. d4 d5 2. c4 dxc4 3. Nf3 Nf6 4. e3 e6 5. Bxc4 c5 6. 0-0 a6 7. Nc3 b5 8. Bb3 Nbd7 9. d5 exd5 10. Nxd5 Bb7 11. e4 c4 12. Bc2 Be7 13. Nxe7 Qxe7 14. Re1 0-0 15. Bf4 Rfd8 16. Bd6 Qe8 17. e5 Nd5 18. Bxh7+ Kxh7 19. Ng5+ Kh6 20. Qg4 1-0

[Event "Titled Tuesday intern op 27th Jun Early"]
[Site "Chess.com INT"]
[Date "2023.06.27"]
[Round "6"]
[White "Guzman Lozano, Campo Elias"]
[Black "Politov, Pavel Y"]
[Result "1-0"]
[WhiteElo "1924"]
[BlackElo "2190"]
[PlyCount "41"]
[EventDate "2023.06.27"]
[EventType "swiss (blitz)"]
[EventRounds "11"]
[EventCountry "USA"]
[SourceTitle "EXT 2024"]
[Source "ChessBase"]
[SourceDate "2023.10.10"]
[SourceVersion "1"]
[SourceVersionDate "2023.10.10"]
[SourceQuality "1"]

1. Nf3 d5 2. c4 dxc4 3. Na3 Nf6 4. Nxc4 e6 5. g3 Be7 6. Bg2 a6 7. a4 Nbd7 8. 0-0 0-0 9. b3 c5 10. Bb2 Qc7 11. Rc1 Rb8 12. d4 b5 13. axb5 axb5 14. Nce5 Qb6 15. Nd3 Bb7 16. dxc5 Nxc5 17. Bd4 Bxf3 18. Nxc5 Bxg2 19. Kxg2 Qd8 20. Be5 Rc8 21. b4 1-0

[Event "Titled Tuesday intern op 27th Jun Early"]
[Site "Chess.com INT"]
[Date "2023.06.27"]
[Round "3"]
[White "Oglaza, Oskar"]
[Black "Politov, Pavel Y"]
[Result "1-0"]
[WhiteElo "2304"]
[BlackElo "2190"]
[PlyCount "55"]
[EventDate "2023.06.27"]
[EventType "swiss (blitz)"]
[EventRounds "11"]
[EventCountry "USA"]
[SourceTitle "EXT 2024"]
[Source "ChessBase"]
[SourceDate "2023.10.10"]
[SourceVersion "1"]
[SourceVersionDate "2023.10.10"]
[SourceQuality "1"]

1. e4 c5 2. Nf3 d6 3. d4 cxd4 4. Nxd4 Nf6 5. Nc3 a6 6. h3 e5 7. Nde2 h5 8. Bg5 Nbd7 9. Qd3 Be7 10. 0-0-0 Nc5 11. Qf3 b5 12. Ng3 g6 13. Kb1 Bb7 14. Bxf6 Bxf6 15. Nd5 Bg7 16. Ne3 0-0 17. Bd3 Ne6 18. c3 b4 19. Nxh5 gxh5 20. Nf5 Nf4 21. g3 Nxd3 22. Rxd3 d5 23. Qxh5 Qf6 24. g4 dxe4 25. Rd6 Qxd6 26. Nxd6 Bc6 27. Nf5 e3 28. Ne7# 1-0

[Event "Titled Tuesday intern op 20th Jun Early"]
[Site "Chess.com INT"]
[Date "2023.06.20"]
[Round "4"]
[White "Makhmudov, Shukhrat"]
[Black "Politov, Pavel Y"]
[Result "1-0"]
[WhiteElo "2115"]
[BlackElo "2190"]
[PlyCount "77"]
[EventDate "2023.06.20"]
[EventType "swiss (blitz)"]
[EventRounds "11"]
[EventCountry "USA"]
[SourceTitle "EXT 2024"]
[Source "ChessBase"]
[SourceDate "2023.10.10"]
[SourceVersion "1"]
[SourceVersionDate "2023.10.10"]
[SourceQuality "1"]

1. Nf3 d5 2. d4 Nf6 3. e3 c5 4. b3 Nc6 5. Bb2 cxd4 6. exd4 e6 7. Bd3 Bd6 8. a3 0-0 9. 0-0 a6 10. Nbd2 Bd7 11. Ne5 Qc7 12. f4 Qb6 13. Kh1 Nxd4 14. Nxd7 Nxd7 15. Nc4 dxc4 16. Bxd4 Qc7 17. Bxc4 Bxf4 18. Qh5 Be5 19. Rad1 Bxd4 20. Rxd4 Qe5 21. Qd1 Nf6 22. Bd3 Rfd8 23. Rxd8+ Rxd8 24. Bxh7+ Kxh7 25. Qxd8 Ng4 26. Qh4+ Nh6 27. h3 Qe2 28. Rxf7 Qd1+ 29. Kh2 Qd6+ 30. Qf4 Qc6 31. Rc7 Qe8 32. Qe5 Nf7 33. Qe4+ Kg8 34. Qxb7 Qd8 35. Rxf7 Qd6+ 36. Kg1 Qd1+ 37. Rf1 Qd4+ 38. Kh1 Qd8 39. Qf7+ 1-0

[Event "Titled Tuesday intern op 25th Oct Early"]
[Site "Chess.com INT"]
[Date "2022.10.25"]
[Round "5"]
[White "Politov, Pavel Y"]
[Black "Estrada Nieto, Julian"]
[Result "0-1"]
[WhiteElo "2190"]
[BlackElo "2264"]
[PlyCount "88"]
[EventDate "2022.10.25"]
[EventType "swiss (blitz)"]
[EventRounds "11"]
[EventCountry "USA"]
[SourceTitle "EXT 2024"]
[Source "ChessBase"]
[SourceDate "2023.10.10"]
[SourceVersion "1"]
[SourceVersionDate "2023.10.10"]
[SourceQuality "1"]

1. e4 e5 2. Nf3 Nc6 3. Bc4 Bc5 4. 0-0 Nf6 5. d3 d6 6. Nbd2 a6 7. c3 Ba7 8. Bb3 0-0 9. h3 h6 10. Bc2 Re8 11. Re1 Be6 12. Nf1 d5 13. exd5 Bxd5 14. Be3 Qd7 15. Bxa7 Rxa7 16. Ne3 Raa8 17. Qe2 Rad8 18. Rad1 a5 19. a4 Qe6 20. Nh4 Bb3 21. Nhf5 Bxc2 22. Qxc2 Ne7 23. Nxe7+ Rxe7 24. d4 Red7 25. dxe5 Rxd1 26. Rxd1 Rxd1+ 27. Qxd1 Qxe5 28. Qd8+ Kh7 29. Qd3+ g6 30. Qc4 Kg7 31. Qb3 b6 32. Qb5 Qe4 33. Qc4 Qb1+ 34. Kh2 Qxb2 35. Qxc7 Qxf2 36. Qxb6 Qf4+ 37. Kg1 Qxa4 38. Qc5 Qe4 39. Qd4 Qxd4 40. cxd4 a4 41. Nc2 Nd5 42. Kf2 Kf6 43. Ke2 Kf5 44. Kf3 h5 0-1

[Event "Titled Tuesday intern op 25th Oct Early"]
[Site "Chess.com INT"]
[Date "2022.10.25"]
[Round "3"]
[White "Vifleemskaia, Svetlana"]
[Black "Politov, Pavel Y"]
[Result "0-1"]
[WhiteElo "1947"]
[BlackElo "2190"]
[PlyCount "76"]
[EventDate "2022.10.25"]
[EventType "swiss (blitz)"]
[EventRounds "11"]
[EventCountry "USA"]
[SourceTitle "EXT 2024"]
[Source "ChessBase"]
[SourceDate "2023.10.10"]
[SourceVersion "1"]
[SourceVersionDate "2023.10.10"]
[SourceQuality "1"]

1. d4 d5 2. c4 dxc4 3. Nf3 Nf6 4. e3 e6 5. Bxc4 c5 6. 0-0 a6 7. Qe2 b5 8. Bb3 Bb7 9. Rd1 Nbd7 10. Nc3 Qc7 11. d5 exd5 12. Nxd5 Nxd5 13. Bxd5 Bxd5 14. Rxd5 Nf6 15. Re5+ Be7 16. e4 0-0 17. Bg5 h6 18. Bxf6 Bxf6 19. Rd5 c4 20. e5 Be7 21. Rad1 Bc5 22. e6 fxe6 23. Qxe6+ Kh8 24. Rd7 Qb6 25. Qxb6 Bxb6 26. R1d6 Bd8 27. Ne5 Kh7 28. g3 Bf6 29. f4 Bxe5 30. fxe5 Rae8 31. e6 Rf6 32. Rxa6 Rexe6 33. Rxe6 Rxe6 34. Rb7 Re1+ 35. Kf2 Rb1 36. Rxb5 c3 37. Rc5 cxb2 38. Rb5 Rh1 0-1